Львёнок и Черепаха (Запись № 10922437)

Подробности
000 -МАРКЕР
контрольное поле 01238nam0a2200313 4500
001 - ИДЕНТИФИКАТОР ЗАПИСИ
контрольное поле RU\NLR\BIBL_A\011291184
005 - ИДЕНТИФИКАТОР ВЕРСИИ
контрольное поле 20161222173259.0
010 ## - МЕЖДУНАРОДНЫЙ СТАНДАРТНЫЙ НОМЕР КНИГИ (ISBN)
Номер (ISBN) 978-5-9930-1858-4
Тираж 22000
021 ## - НОМЕР ГОСУДАРСТВЕННОЙ РЕГИСТРАЦИИ
Код страны Российская Федерация
Номер 2017-73456
Номер Листа государственной регистраци 5240
021 ## - НОМЕР ГОСУДАРСТВЕННОЙ РЕГИСТРАЦИИ
Код страны Российская Федерация
Номер 2016-90657
Номер Листа государственной регистраци 5976
035 ## - ДРУГИЕ СИСТЕМНЫЕ НОМЕРА
Идентификатор записи (NLR Aleph) 011291184
100 ## - ДАННЫЕ ОБЩЕЙ ОБРАБОТКИ
Данные общей обработки 20161212d2016 c y0rusy50 ca
101 0# - ЯЗЫК РЕСУРСА
Язык текста, звукозаписи и т.д. русский
102 ## - СТРАНА ПУБЛИКАЦИИ ИЛИ ПРОИЗВОДСТВА
Страна публикации Российская Федерация
105 ## - ПОЛЕ КОДИРОВАННЫХ ДАННЫХ: ТЕКСТОВЫЕ МАТЕРИАЛЫ, МОНОГРАФИЧЕСКИЕ
Кодированные данные о монографическом текстовом документе a z 000ay
200 1# - ЗАГЛАВИЕ И СВЕДЕНИЯ ОБ ОТВЕТСТВЕННОСТИ
Основное заглавие Львёнок и Черепаха
Сведения, относящиеся к заглавию [сказки
-- для чтения взрослыми детям]
Первые сведения об ответственности Сергей Козлов
Последующие сведения об ответственности [худож.: Т. Абалакина]
210 ## - ПУБЛИКАЦИЯ, РАСПРОСТРАНЕНИЕ И ДР.
Место издания, распространения и т.д. Москва
Имя издателя, распространителя и т. д. Алтей и К°
-- Алтей-Бук
Дата издания, распространения и т.д. 2016
215 ## - ФИЗИЧЕСКАЯ ХАРАКТЕРИСТИКА
Специфическое обозначение материала и объем 61, [3] с.
Другие сведения о физической характеристике цв. ил.
Размеры 24
225 1# - СЕРИЯ
Основное заглавие серии Коллекция любимых сказок
333 ## - ПРИМЕЧАНИЯ ОБ ОСОБЕННОСТЯХ РАСПРОСТРАНЕНИЯ И ИСПОЛЬЗОВАНИЯ
Текст примечания 6+
686 0# - ИНДЕКСЫ ДРУГИХ КЛАССИФИКАЦИЙ
Индекс Ш9(2)60=Р7-2
700 #1 - ИМЯ ЛИЦА - ПЕРВИЧНАЯ ОТВЕТСТВЕННОСТЬ
Начальный элемент ввода Козлов
Часть имени, кроме начального элемента ввода С. Г.
Дополнения к именам, кроме дат детский писатель
Даты 1939-2010
Расширение инициалов личного имени Сергей Григорьевич
Идентификатор авторитетной/нормативной записи RU\NLR\AUTH\77703
702 #1 - ИМЯ ЛИЦА - ВТОРИЧНАЯ ОТВЕТСТВЕННОСТЬ
Начальный элемент ввода Абалакина
Часть имени, кроме начального элемента ввода Т. В.
Дополнения к именам, кроме дат художник
Даты 1944-
Расширение инициалов личного имени Татьяна Васильевна
Идентификатор авторитетной/нормативной записи RU\NLR\AUTH\7786308
Код отношения Карикатурист, Художник
942 ## - ДОПОЛНИТЕЛЬНЫЕ ЭЛЕМЕНТЫ ЗАПИСИ (АБИС)
Тип экземпляра АБИС Книга
980 ## - КОЛЛЕКЦИЯ
Название коллекции Национальная библиография
Экземпляры
Тип экземпляра Дата поступления Источник поступления Стоимость Библиотека постоянного хранения Библиотека текущего хранения Место хранения Штрих-код Статус экземпляра Шифр хранения Нумерация / хронология для периодики
Книга 12.12.2016 Обязательный экземпляр 85.00 РНБ (Московский) РНБ (Московский) Обменный фонд 1-1650146      
Книга 12.12.2016 Обязательный экземпляр   РНБ (Московский) РНБ (Московский) Русский книжный фонд: издания с 1957 года 1-1650145   2016-7/5962  
Книга 25.10.2017 Обязательный экземпляр 85.00 РНБ (Московский) РНБ (Московский) Обменный фонд 1-2049041     2017
Книга 25.10.2017 Обязательный экземпляр 85.00 РНБ (Московский) РНБ (Московский) Обменный фонд 1-2049042     2017